Online
Catalog

!Tú eres esclavo! : (Record no. 2229)

MARC details
000 -CABECERA
campo de control de longitud fija 00755cam a2200217 a 4500
001 - NÚMERO DE CONTROL
campo de control 000002390
005 - FECHA Y HORA DE LA ÚLTIMA TRANSACCIÓN
campo de control 20240513203638.0
008 - DATOS DE LONGITUD FIJA--INFORMACIÓN GENERAL
campo de control de longitud fija 820524s1978 ve a b 001 0 spa
040 ## - FUENTE DE LA CATALOGACIÓN
Centro catalogador/agencia de origen DO-SdBNP
Lengua de catalogación spa
Centro/agencia transcriptor BNPHU
082 ## - NÚMERO DE LA CLASIFICACIÓN DECIMAL DEWEY
Número de clasificación 306.362
Número de documento/Ítem D542e, 1978
100 1# - ENTRADA PRINCIPAL--NOMBRE DE PERSONA
Nombre de persona Díaz-González, José Joaquín.
9 (RLIN) 7589
245 10 - MENCIÓN DE TÍTULO
Título !Tú eres esclavo! :
Resto del título la esclavitud en la antigüedad /
Mención de responsabilidad, etc. José Joaquín Díaz-González.
250 ## - MENCIÓN DE EDICIÓN
Mención de edición 2a ed.
260 ## - PUBLICACIÓN, DISTRIBUCIÓN, ETC.
Lugar de publicación, distribución, etc. Mérida, Venezuela :
Nombre del editor, distribuidor, etc. Universidad de los Andes. Rectorado,
Fecha de publicación, distribución, etc. 1978.
300 ## - DESCRIPCIÓN FÍSICA
Extensión 248 p. :
Otras características físicas il. ;
Dimensiones 23 cm.
504 ## - NOTA DE BIBLIOGRAFÍA, ETC.
Nota de bibliografía, etc. Bibliografía: p. 245-246.
650 #4 - PUNTO DE ACCESO ADICIONAL DE MATERIA--TÉRMINO DE MATERIA
Término de materia o nombre geográfico como elemento de entrada Esclavitud
Subdivisión general Historia
9 (RLIN) 7590
650 #4 - PUNTO DE ACCESO ADICIONAL DE MATERIA--TÉRMINO DE MATERIA
Término de materia o nombre geográfico como elemento de entrada Esclavitud
Subdivisión geográfica Roma
Subdivisión general Historia
9 (RLIN) 7591
650 #0 - PUNTO DE ACCESO ADICIONAL DE MATERIA--TÉRMINO DE MATERIA
Término de materia o nombre geográfico como elemento de entrada Historia social
9 (RLIN) 78961
910 ## - DATOS DE OPCIÓN DEL USUARIO (OCLC)
Datos de opción del usuario Catalogación por copia / LC
Holdings
Estado de retiro Estado de pérdida Restricciones de uso No para préstamo Código de colección Localización permanente Ubicación/localización actual Ubicación en estantería Fecha de adquisición Fuente de adquisición Número de inventario Total de préstamos Signatura topográfica completa Código de barras Fecha visto por última vez Precio válido a partir de Tipo de ítem Koha
    Préstamo interno   Monografías: Libros y Folletos General General Depósito 08.07.2009 002344 LF1   306.362 D542e, 1978 2390-10 25.06.2020 25.06.2020 Préstamo interno

Powered by Koha